000 01591nam0a2200313 4500
001 RU\NLR\bibl\1169352
005 20260405151301.0
010 _a978-5-81310-0081-9
021 _aRU
_b2007-76216
_94097
035 _a(NLR Aleph) 001156048
090 _a1507806
_c1507806
100 _a20071218d2007 |||y0rusy50 ca
101 0 _arus
102 _aRU
105 _aa |||||||||
200 1 _aПросто о непростом в применении средств защиты дыхания
_eбиохимические принципы жизни и влияние на них вредных веществ
_eдля отделов охраны труда промышленных предприятий
_fКошелев В.Е., Тарасов В.И.
210 _aПермь
_cСтиль-МГ
_d2007
215 _a279 с.
_cил., портр.
_d25
300 _aНа 278-й с. 1-й авт.: Кошелев В.Е., к.т.н.
320 _aБиблиогр.: с. 274-277 (90 назв.)
606 1 _aДыхательная система
_xИндивидуальные средства защиты
_xГигиеническая оценка
_91800960
_3RU\NLR\auth\66811367
686 _aР124.415
700 1 _aКошелев
_bВ. Е.
_f1941-
_gВладимир Ефимович
_4070
701 1 _4070
_8rus
_7ca
_aТарасов
_bВ. И.
_cспециалист по хим. защите
_f1937-
_gВладимир Иннокентьевич
_3RU\NLR\auth\7762502
_945432
801 0 _aRU
_bNLR
_c20071218
_gRCR
801 1 _aRU
_bNLR
_c20071218
942 _cBOOK
980 _aNB